All Animal Crossing: New Horizons Characters - Statistics

General Stats
  • This quiz has been taken 573 times
  • The average score is 220 of 460
Answer Stats
Villager % Correct
Tom
85%
Al
84%
Bea
77%
Timmy
75%
Alli
74%
Isabelle
74%
Raymond
74%
Tommy
74%
Marina
73%
Apollo
70%
Lily
68%
Octavian
68%
Fauna
67%
Zucker
67%
Antonio
66%
Bob
66%
Marshal
66%
Alfonso
65%
Blathers
65%
Cherry
65%
Coco
65%
Bill
64%
Julia
64%
Daisy
63%
Del
63%
Kitt
63%
Lucky
63%
Mabel
63%
Tom Nook
63%
Audie
62%
Goldie
62%
Label
62%
Molly
62%
Rosie
62%
Sable
62%
Tia
62%
Ankha
61%
Boots
61%
Flo
61%
Rod
61%
Tangy
61%
Wolfgang
61%
Dom
60%
Ellie
60%
Kiki
60%
Stitches
60%
Bluebear
59%
Kid Cat
59%
Redd
59%
Apple
58%
Bam
58%
Beau
58%
Celeste
58%
Cookie
58%
Drago
58%
Erik
58%
Julian
58%
Ketchup
58%
Lolly
58%
Patty
58%
Whitney
58%
Gayle
57%
Judy
57%
Shino
57%
Tipper
57%
Maple
56%
Merengue
56%
Nan
56%
Roald
56%
Skye
56%
Anabelle
55%
Aurora
55%
Brewster
55%
Egbert
55%
Jay
55%
Merry
55%
Sherb
55%
Agent S
54%
Alice
54%
Beardo
54%
Bianca
54%
Chai
54%
Cheri
54%
Diana
54%
Flora
54%
Frank
54%
Ken
54%
Kicks
54%
Leif
54%
Megan
54%
Naomi
54%
Olivia
54%
Zell
54%
Ace
53%
Amelia
53%
Ava
53%
Chrissy
53%
Cube
53%
Katt
53%
Melba
53%
Roswell
53%
Annalisa
52%
Billy
52%
Bones
52%
Cephalobot
52%
C.J.
52%
Deirdre
52%
Fang
52%
Francine
52%
Lobo
52%
Olaf
52%
Ribbot
52%
Robin
52%
Rocket
52%
Sprinkle
52%
Tank
52%
Angus
51%
Chevre
51%
Dizzy
51%
Eloise
51%
Flick
51%
Goose
51%
Kyle
51%
Lionel
51%
Sasha
51%
Snooty
51%
Stu
51%
Astrid
50%
Becky
50%
Bella
50%
Bertha
50%
Blanche
50%
Bunnie
50%
Chelsea
50%
Freya
50%
Grizzly
50%
Gulliver
50%
Hamlet
50%
Henry
50%
Hopper
50%
Kidd
50%
Kitty
50%
Mira
50%
Norma
50%
Pietro
50%
Renée
50%
Reneigh
50%
Rodeo
50%
Sly
50%
Sylvia
50%
Teddy
50%
Tutu
50%
Vic
50%
Zoe
50%
Anchovy
49%
Annalise
49%
Barold
49%
Biff
49%
Bubbles
49%
Butch
49%
Cyrano
49%
Flurry
49%
Fuchsia
49%
Katrina
49%
Lopez
49%
Marty
49%
Phil
49%
Pinky
49%
Punchy
49%
Rilla
49%
Sydney
49%
T-Bone
49%
Admiral
48%
Agnes
48%
Axel
48%
Chadder
48%
Charlise
48%
Curlos
48%
Dobie
48%
Eugene
48%
Filbert
48%
Jacob
48%
Jitters
48%
Leopold
48%
Lottie
48%
Mitzi
48%
Monique
48%
Nana
48%
Nat
48%
Pashmina
48%
Paula
48%
Peanut
48%
Piper
48%
Poppy
48%
Rio
48%
Rodney
48%
Shari
48%
Violet
48%
Yuka
48%
Zipper
48%
Avery
47%
Baabara
47%
Big Top
47%
Bruce
47%
Carrie
47%
Chow
47%
Clay
47%
Frita
47%
Gigi
47%
Hans
47%
Jack
47%
Jacques
47%
June
47%
Maddie
47%
Moe
47%
Muffy
47%
Pango
47%
Pecan
47%
Puddles
47%
Quinn
47%
Rhonda
47%
Sally
47%
Spike
47%
Stella
47%
Stinky
47%
Ursala
47%
Walt
47%
Wart Jr.
47%
Wendy
47%
Willow
47%
Benedict
46%
Buck
46%
Buzz
46%
Carmen
46%
Chief
46%
Coach
46%
Curt
46%
Cyd
46%
Derwin
46%
Diva
46%
Dotty
46%
Elise
46%
Friga
46%
Gruff
46%
Hamphrey
46%
Harry
46%
Harvey
46%
Hazel
46%
Hopkins
46%
Ike
46%
Ione
46%
Joey
46%
Kapp'n
46%
Keaton
46%
K.K. Slider
46%
Kody
46%
Lucy
46%
Mac
46%
Marlo
46%
Mathilda
46%
Mint
46%
Ozzie
46%
Pate
46%
Phoebe
46%
Plucky
46%
Reese
46%
Rooney
46%
Rover
46%
Ruby
46%
Tad
46%
Azalea
45%
Biskit
45%
Broccolo
45%
Canberra
45%
Chester
45%
Claudia
45%
Cyrus
45%
Deli
45%
Ed
45%
Elvis
45%
Étoile
45%
Eunice
45%
Faith
45%
Jambette
45%
Jeremiah
45%
Kabuki
45%
Knox
45%
Maggie
45%
Moose
45%
Olive
45%
Quillson
45%
Rex
45%
Twiggy
45%
Velma
45%
Benjamin
44%
Bonbon
44%
Bree
44%
Cally
44%
Celia
44%
Elmer
44%
Felicity
44%
Flip
44%
Gaston
44%
Genji
44%
Groucho
44%
Hippeux
44%
Mallary
44%
Marcie
44%
Margie
44%
Midge
44%
Opal
44%
Orville
44%
Petri
44%
Pompom
44%
Purrl
44%
Queenie
44%
Rocco
44%
Sprocket
44%
Sterling
44%
Tammy
44%
Tortimer
44%
Tucker
44%
Vesta
44%
Walker
44%
Bud
43%
Candi
43%
Chops
43%
Drift
43%
Frett
43%
Leonardo
43%
Lyman
43%
Nate
43%
Niko
43%
Paolo
43%
Pascal
43%
Poncho
43%
Rolf
43%
Rudy
43%
Savannah
43%
Tabby
43%
Victoria
43%
Wade
43%
Wilbur
43%
Wisp
43%
Bangle
42%
Bettina
42%
Bitty
42%
Boomer
42%
Broffina
42%
Camofrog
42%
Cole
42%
Cranston
42%
Croque
42%
Gala
42%
Gonzo
42%
Gwen
42%
Hugh
42%
Jingle
42%
Klaus
42%
Lucha
42%
Marcel
42%
Monty
42%
Peaches
42%
Pekoe
42%
Portia
42%
Pudge
42%
Rory
42%
Scoot
42%
Snake
42%
Sparro
42%
Tasha
42%
Vivian
42%
Weber
42%
Winnie
42%
Anicotti
41%
Boyd
41%
Caroline
41%
Cashmere
41%
Cesar
41%
Clyde
41%
Freckles
41%
Gladys
41%
Huck
41%
Iggly
41%
Louie
41%
Maelle
41%
Miranda
41%
O'Hare
41%
Roscoe
41%
Shep
41%
Soleil
41%
Static
41%
Daisy Mae
40%
Deena
40%
Dora
40%
Drake
40%
Graham
40%
Harriet
40%
Hornsby
40%
Murphy
40%
Peck
40%
Rowan
40%
Sandy
40%
Tiansheng
40%
Toby
40%
Tybalt
40%
Wardell
40%
Cobb
39%
Colton
39%
Frobert
39%
Gloria
39%
Kevin
39%
Mott
39%
Pierce
39%
Pippy
39%
Raddle
39%
Sheldon
39%
Tex
39%
Timbra
39%
Blaire
38%
Boone
38%
Chabwick
38%
Cleo
38%
Cousteau
38%
Curly
38%
Doc
38%
Limberg
38%
Nibbles
38%
Pavé
38%
Peewee
38%
Prince
38%
Rasher
38%
Saharah
38%
Samson
38%
Sylvana
38%
Tammi
38%
Vladimir
38%
Claude
37%
Franklin
37%
Greta
37%
Pancetti
37%
Ricky
37%
Rizzo
37%
Tiffany
37%
Truffles
37%
Papi
36%
Peggy
36%
Penelope
36%
Puck
36%
Gabi
35%
Simon
35%
Spork
35%
Boris
34%
Luna
34%
Gullivarrr
32%
Resetti
32%
Lloid
28%
Cornimer
26%
Joan
24%
Don
23%
No matching quizzes found
Score Distribution
Percent of People with Each Score
Percentile by Number Answered
Your Score History
You have not taken this quiz